Advances in public economics / (Record no. 2742)
[ view plain ]
| 000 -LEADER | |
|---|---|
| fixed length control field | 00993cam a22002534a 4500 |
| 001 - CONTROL NUMBER | |
| control field | 11963837 |
| 005 - DATE AND TIME OF LATEST TRANSACTION | |
| control field | 20250121121051.0 |
| 008 - FIXED-LENGTH DATA ELEMENTS--GENERAL INFORMATION | |
| fixed length control field | 000404s2000 gw a b 100 0 eng |
| 020 ## - INTERNATIONAL STANDARD BOOK NUMBER | |
| International Standard Book Number | 3790812838 (acidfree paper) |
| 050 00 - LIBRARY OF CONGRESS CALL NUMBER | |
| Classification number | HJ113 |
| Item number | .A38 2000 |
| 082 00 - DEWEY DECIMAL CLASSIFICATION NUMBER | |
| Classification number | 336 |
| Edition information | 21 |
| 245 00 - TITLE STATEMENT | |
| Title | Advances in public economics / |
| Statement of responsibility, etc. | Robin Boadway, Baldev Raj, editors. |
| 260 ## - PUBLICATION, DISTRIBUTION, ETC. | |
| Place of publication, distribution, etc. | Heidelberg ; |
| -- | New York : |
| Name of publisher, distributor, etc. | Physica-Verlag, |
| Date of publication, distribution, etc. | c2000. |
| 300 ## - PHYSICAL DESCRIPTION | |
| Extent | viii, 171 p. : |
| Other physical details | ill. ; |
| Dimensions | 24 cm. |
| 440 #0 - SERIES STATEMENT/ADDED ENTRY--TITLE | |
| Title | Studies in empirical economics |
| 500 ## - GENERAL NOTE | |
| General note | "First published in Empirical economics, vol. 24, issue 4, 1999"--T.p. verso. |
| 650 #0 - SUBJECT ADDED ENTRY--TOPICAL TERM | |
| Topical term or geographic name entry element | Finance, Public |
| Form subdivision | Congresses. |
| 650 #0 - SUBJECT ADDED ENTRY--TOPICAL TERM | |
| Topical term or geographic name entry element | Economic policy |
| Form subdivision | Congresses. |
| 700 1# - ADDED ENTRY--PERSONAL NAME | |
| Personal name | Boadway, Robin W., |
| Dates associated with a name | 1943- |
| 700 1# - ADDED ENTRY--PERSONAL NAME | |
| Personal name | Raj, Baldev, |
| Dates associated with a name | 1941- |
| 856 42 - ELECTRONIC LOCATION AND ACCESS | |
| Materials specified | Publisher description |
| Uniform Resource Identifier | <a href="http://www.loc.gov/catdir/enhancements/fy0812/00039147-d.html">http://www.loc.gov/catdir/enhancements/fy0812/00039147-d.html</a> |
| 856 41 - ELECTRONIC LOCATION AND ACCESS | |
| Materials specified | Table of contents only |
| Uniform Resource Identifier | <a href="http://www.loc.gov/catdir/enhancements/fy0812/00039147-t.html">http://www.loc.gov/catdir/enhancements/fy0812/00039147-t.html</a> |
| 942 ## - ADDED ENTRY ELEMENTS (KOHA) | |
| Source of classification or shelving scheme | Library of Congress Classification |
| Koha item type | Books |
| Suppress in OPAC | No |
| 999 ## - | |
| -- | 2742 |
| -- | 2742 |
| Withdrawn status | Lost status | Source of classification or shelving scheme | Damaged status | Not for loan | Collection | Home library | Current library | Shelving location | Date acquired | Total checkouts | Full call number | Barcode | Date last seen | Copy number | Price effective from | Koha item type |
|---|---|---|---|---|---|---|---|---|---|---|---|---|---|---|---|---|
| Library of Congress Classification | Non-fiction | Undergraduate Library (Christ Temple) | Undergraduate Library (Christ Temple) | General stacks | 01/21/2025 | HJ113 ADV | ulct00000849 | 01/21/2025 | 1 | 01/21/2025 | Books |